00803nam a2200205 a 450000100100000000500170001000800410002704000250006808200160009310000400010924501070014926000390025630000220029550400740031770000280039170000290041904900090044895201230045799900170058000002208420200930011556.0100916s1969 dr r 000 0 spa d aDO-SdBNPbspacBNPHU axxxxbR961e1 aRussell, Bertrand,d1872-19709895510aEscritos básicos 1903-1959 /cBertrand Russell ; recompilación Robert E. Egner , Lester E. Denonn. aMéxico, D. F. :bAguilar,c1969. a1087 p. ;c19 cm. aIncluye referencias bibliográficas y notas al pie de las páginas.1 aEgner, Robert E.9457551 aDenonn, Lester E.945756 aBNGR 001054708PDaGRbGRcCTd2010-09-16iLF1l0oxxxx R961ep22084-10r2020-06-25w2020-06-25yLFPDZPréstamo en sala c21582d21582